Constitución política de la República de Chile jurada y promulgada el 25 de Mayo de 1833 con las reformas efectuadas hasta el 10 de Agosto de 1888
Saved in:
| Format: | Bog |
|---|---|
| Sprog: | spansk |
| Udgivet: |
Santiago
Nacional
1888
|
| Fag: | |
| Tags: |
Tilføj Tag
Ingen Tags, Vær først til at tagge denne postø!
|
MARC
| LEADER | 00000nam a2200000 a 4500 | ||
|---|---|---|---|
| 001 | UCR3884 | ||
| 003 | CL-VaPUC | ||
| 008 | 980130e18880000CL |||||||||||||||||spa|d | ||
| 082 | 0 | 4 | |a 342.83 |b CON |2 21 |
| 245 | 1 | 0 | |a Constitución política de la República de Chile jurada y promulgada el 25 de Mayo de 1833 con las reformas efectuadas hasta el 10 de Agosto de 1888 |
| 300 | |a 69 p | ||
| 942 | |c BK | ||
| 945 | |d 19980130 00:00:00 |a aolguin | ||
| 260 | |a Santiago |b Nacional |c 1888 | ||
| 650 | 7 | |a CONSTITUCION 1833 |2 CL-VaPUC |9 312090 | |
| 650 | 0 | |a Constituciones |9 255417 | |
| 650 | 0 | |a Derecho constitucional |9 222588 | |
| 650 | 0 | |a Ciudadanía |9 258339 | |
| 650 | 0 | |a Nacionalidad |9 357571 | |
| 650 | 0 | |a Elecciones |9 254997 | |
| 650 | 0 | |a Municipalidades |9 255557 | |
| 650 | 0 | |a Libertad individual |9 352859 | |
| 650 | 7 | |a MATRIMONIO |2 CL-VaPUC |9 403311 | |
| 650 | 0 | |a Derecho de familia |9 255603 | |
| 650 | 7 | |a PATENTES MUNICIPALES |2 CL-VaPUC |9 382580 | |
| 650 | 0 | |a Registri civil |9 341220 | |
| 651 | 7 | |a CHILE |2 CL-VaPUC |9 403312 | |
| 583 | |a last modification |c 19980130 00:00:00 |k Rodrigo Vera | ||
| 999 | |c 266903 |d 266901 | ||
| 952 | |0 0 |1 0 |4 0 |6 342_830000000000000_CON_1888 |7 0 |8 DER_HDC |9 298930 |a BIBDER |b BIBDER |d 2019-11-20 |i 1952242 |l 1 |o 342.83 CON 1888 |p 1952242 |r 2023-01-25 |s 2020-03-19 |w 2019-11-20 |x Ubicación 4to Piso |y BK_X |z Estos recursos deben solicitarse con anticipación |k DER | ||